| 000 | 00847nam a22002417a 4500 | ||
|---|---|---|---|
| 999 |
_c20883 _d20883 |
||
| 005 | 20200220103449.0 | ||
| 008 | 200220b xxu||||| |||| 00| 0 spa d | ||
| 040 |
_aCO-BoIAVH _cCO-BoIAVH |
||
| 041 | _aspa | ||
| 044 | _ack | ||
| 110 | _aBiocolombia | ||
| 245 | _aParque natural regional páramo de Santurban. | ||
| 260 |
_aSantander: _bCDMB, _c2012. |
||
| 300 |
_a158 Páginas: _bmapas, fotografías y tablas, _c28 x 23 cm. |
||
| 505 | _aDocumento técnico de soporte propuesta de área protegida | ||
| 650 | 0 |
_aGeología _xInvestigación |
|
| 650 | 0 | _aConservación de ecosistemas | |
| 650 | 0 | _aConservación de la diversidad biológica | |
| 650 | 0 | _aFlora y Fauna | |
| 650 | 0 | _aInvestigación científica | |
| 651 | 0 | _aPáramo de Santurbán (Santander, Colombia) | |
| 942 |
_2ddc _cINFORME |
||